00591nam 2200157 45000010005000001000041000051010008000462000119000542100054001732150026002276060086002536060022003396070014003617100038003758010020004135976 a20190729k u||y0frey50 ba aspa aNiños desaparecidos en la Argentina desde 1976bBrochureeidentitad, Familia, LibertadfAbuelas de Plaza de Mayo aMontevideocAbuelas de Plaza de Mayod1987 Agosto a129 p.cportr.d20 cm aArgentine 1976-1983 : Dictature militaire Processus de réorganisation nationale aDroits de l'homme aArgentine aGrands-mères de la place de Mai aCHbCH-002049-8